Which Midwest State? - Statistics

General Stats
  • This quiz has been taken 23 times
  • The average score is 6 of 10
Answer Stats
Which Midwest state produces the most: Answer % Correct
Corn Iowa
95%
Cheese Wisconsin
85%
Apples Michigan
65%
Soybeans Illinois
60%
Wheat Kansas
55%
Sweet corn Minnesota
50%
Blueberries Michigan
45%
Chickens Missouri
40%
Beef Nebraska
40%
Honey North Dakota
30%
No matching quizzes found
Score Distribution
Percent of People with Each Score
Percentile by Number Answered
Your Score History
You have not taken this quiz